Los Retos de la educación superior en el contexto de la sociedad del conocimiento /
Na minha lista:
| Autor principal: | |
|---|---|
| Formato: | Texto |
| Assuntos: | |
| Tags: |
Adicionar Tag
Sem tags, seja o primeiro a adicionar uma tag!
|
MARC
| LEADER | 00000 a a2200000 04500 | ||
|---|---|---|---|
| 001 | 7498 | ||
| 003 | |||
| 040 | |||
| 100 | |a González, Carlos A. | ||
| 245 | |a Los Retos de la educación superior en el contexto de la sociedad del conocimiento / |c Carlos A. González | ||
| 650 | |a SOCIEDAD DE LA INFORMACION | ||
| 650 | |a ADMINISTRACION UNIVERSITARIA | ||
| 650 | |a CALIDAD DE LA EDUCACION | ||
| 650 | |a REFORMA DE LA EDUCACION | ||
| 650 | |a POLITICA EDUCATIVA | ||
| 773 | |g número 16; páginas 41-46 | ||
| 999 | |c 31569 |d 31569 | ||
